000 00838nam0a22002651 4500
001 v19\rc\1889007
005 20251118180356.0
035 _a(NLR Aleph) 004976870
090 _a6143613
_c6143613
100 _a20080221d1910 u y0rusy50 ca
101 0 _arus
_ager
102 _aRU
105 _ay z |||||
200 1 _aКраткий русско-немецкий молитвенник для школ
_fСост. свящ. Николай Шалфеев
210 _aРига
_cК.П. Зихман
_d1910
215 _a45 с.
_d17
300 _aТекст парал. рус. и нем.
700 1 _aШалфеев
_bН.
_gНиколай
_4220
801 0 _aRU
_bNLR
_gpsbo
801 0 _aRU
_bRuMoRGB
_2psbo
801 1 _aRU
_bProSoft-M
_2rusmarc
852 _aNLR
_j34.48.8.293
899 _aRuMoRGB
_jF 62/107
942 _cBOOK
980 _aNB